Zbroje minecraft - Statystyki

Ogólne statystyki
  • Ten quiz został rozwiązany 3 792 razy
  • Średni wynik to 4 z 5
Statystyki odpowiedzi
Suma Wytrzymałości Zbroja % Poprawnych
1820 Diamentowa
99%
830 Żelazna
99%
390 Złota
97%
280 Skórzana
88%
390 Kolczuga
47%
Nie znaleziono quizów pasujących do podanych kryteriów
Rozkład punktacji
Procent ludzi z każdym wynikiem
Percentyl według liczby udzielonych odpowiedzi
Twoja historia wyników
Nie rozwiązałeś tego quizu